Services Tax Act 1975 (Act 151) & Regulations and Order : (Record no. 4577)

000 -LEADER
fixed length control field nam a22 a 4500
003 - CONTROL NUMBER IDENTIFIER
control field AKMAL
005 - DATE AND TIME OF LATEST TRANSACTION
control field 20170601101817.0
008 - FIXED-LENGTH DATA ELEMENTS--GENERAL INFORMATION
fixed length control field 17 s2004 my | e | 000 0 eng d
020 ## - INTERNATIONAL STANDARD BOOK NUMBER
International Standard Book Number 967891543X (pbk.)
040 ## - CATALOGING SOURCE
Transcribing agency AKMAL
082 04 - DEWEY DECIMAL CLASSIFICATION NUMBER
Classification number 343.59504 SER
Edition number 22
090 00 - LOCALLY ASSIGNED LC-TYPE CALL NUMBER (OCLC); LOCAL CALL NUMBER (RLIN)
Classification number (OCLC) (R) ; Classification number, CALL (RLIN) (NR) 343.59504
Local cutter number (OCLC) ; Book number/undivided call number, CALL (RLIN) SER
110 1# - MAIN ENTRY--CORPORATE NAME
Corporate name or jurisdiction name as entry element Malaysia
9 (RLIN) 400
240 10 - UNIFORM TITLE
Uniform title Akta Cukai Perkhidmatan,1975 (Akta 151).
Language of a work English
245 10 - TITLE STATEMENT
Title Services Tax Act 1975 (Act 151) & Regulations and Order :
Remainder of title (As At 25th September 2004) /
Statement of responsibility, etc. compiled by Legal Research Board
260 ## - PUBLICATION, DISTRIBUTION, ETC.
Place of publication, distribution, etc. Petaling Jaya :
Name of publisher, distributor, etc. International Law Book Services,
Date of publication, distribution, etc. 2004
300 ## - PHYSICAL DESCRIPTION
Extent 87p. ;
Dimensions 24cm.
440 #0 - SERIES STATEMENT/ADDED ENTRY--TITLE
Title Laws of Malaysia
9 (RLIN) 1830
650 10 - SUBJECT ADDED ENTRY--TOPICAL TERM
Topical term or geographic name entry element Taxation
General subdivision Law and legislation
Geographic subdivision Malaysia
9 (RLIN) 204
650 20 - SUBJECT ADDED ENTRY--TOPICAL TERM
Topical term or geographic name entry element Service industries
General subdivision Taxation
Geographic subdivision Malaysia
9 (RLIN) 8812
710 2# - ADDED ENTRY--CORPORATE NAME
Corporate name or jurisdiction name as entry element Lembaga Penyelidikan Undang-Undang
9 (RLIN) 8818
942 ## - ADDED ENTRY ELEMENTS (KOHA)
Source of classification or shelving scheme
Koha item type Book
Holdings
Withdrawn status Lost status Source of classification or shelving scheme Damaged status Not for loan Collection code Home library Current library Shelving location Date acquired Inventory number Total Checkouts Full call number Barcode Date last seen Price effective from Koha item type
          NON-FICTION AKMAL Melaka AKMAL Melaka PINJAMAN 01.06.2017 304008   343.59504 SER 201707204 01.06.2017 01.06.2017 Book
          NON-FICTION AKMAL Melaka AKMAL Melaka PINJAMAN 01.06.2017 304009   343.59504 SER 201707203 01.06.2017 01.06.2017 Book
          NON-FICTION AKMAL Melaka AKMAL Melaka PINJAMAN 01.06.2017 304005   343.59504 SER 201707202 01.06.2017 01.06.2017 Book
          NON-FICTION AKMAL Melaka AKMAL Melaka PINJAMAN 01.06.2017 304007   343.59504 SER 201707201 01.06.2017 01.06.2017 Book
Pusat Sumber Maklumat Dato' Haji Sarmin Md Hussin, Akademi Kastam Diraja Malaysia, Melaka
Tel: 06-2331106 | Faks: 06-2313787